The cost of free water : (Record no. 35348)
[ view plain ]
| 000 -LEADER | |
|---|---|
| fixed length control field | 00542nam a22001697a 4500 |
| 003 - CONTROL NUMBER IDENTIFIER | |
| control field | OSt |
| 005 - DATE AND TIME OF LATEST TRANSACTION | |
| control field | 20220429141624.0 |
| 008 - FIXED-LENGTH DATA ELEMENTS--GENERAL INFORMATION | |
| fixed length control field | 220429b |||||||| |||| 00| 0 eng d |
| 020 ## - INTERNATIONAL STANDARD BOOK NUMBER | |
| International Standard Book Number | 9178716748 |
| 040 ## - CATALOGING SOURCE | |
| Transcribing agency | hu |
| 082 ## - DEWEY DECIMAL CLASSIFICATION NUMBER | |
| Classification number | 363.61 |
| 100 ## - MAIN ENTRY--PERSONAL NAME | |
| Personal name | Kemper, Karin E. |
| 9 (RLIN) | 36761 |
| 245 ## - TITLE STATEMENT | |
| Title | The cost of free water : |
| Remainder of title | water resources allocation and use in the Curu Valley, Ceará, Northeast Brazil |
| 260 ## - PUBLICATION, DISTRIBUTION, ETC. | |
| Place of publication, distribution, etc. | Sweden |
| Name of publisher, distributor, etc. | Water and Environmental Studies, Linköping University, |
| Date of publication, distribution, etc. | 1996. |
| 300 ## - PHYSICAL DESCRIPTION | |
| Extent | 230 p, +6 |
| Other physical details | pc |
| Dimensions | 28 cm |
| 942 ## - ADDED ENTRY ELEMENTS (KOHA) | |
| Source of classification or shelving scheme | Dewey Decimal Classification |
| Koha item type | Books like text book referance book |
| Suppress in OPAC | No |
| Withdrawn status | Lost status | Source of classification or shelving scheme | Damaged status | Not for loan | Collection code | Home library | Current library | Shelving location | Date acquired | Total Checkouts | Full call number | Barcode | Date last seen | Copy number | Price effective from | Koha item type |
|---|---|---|---|---|---|---|---|---|---|---|---|---|---|---|---|---|
| Dewey Decimal Classification | Reference | Wondo Genet Library | Wondo Genet Library | General Stacks | 04/29/2022 | 363.61 KAR 1996 | WGCFNRL00019344 | 04/29/2022 | 1 | 04/29/2022 | Books like text book referance book |